书目信息 |
| 题名: |
金融危机背景下的德国及中德关系
|
|
| 作者: | 刘立群 主编 | |
| 分册: | ||
| 出版信息: | 北京 社会科学文献出版社 2011.02 |
|
| 页数: | 16,349页 | |
| 开本: | 23cm | |
| 丛书名: | 国际政治论坛 | |
| 单 册: | ||
| 中图分类: | D751.6 , D822.351.6 | |
| 科图分类: | ||
| 主题词: | 中德关系 , 中德关系--研究 , 政治 | |
| 电子资源: | ||
| ISBN: | 978-7-5097-2027-1 | |
| 000 | 01148oam2 2200325 450 | |
| 001 | 010010074343 | |
| 005 | 20150428084209.43 | |
| 010 | @a978-7-5097-2027-1@dCNY49.00 | |
| 100 | @a20110223d2011 em y0chiy0110 ea | |
| 101 | 0 | @achi |
| 102 | @aCN@b110000 | |
| 105 | @ay z 000yy | |
| 106 | @ar | |
| 200 | 1 | @a金融危机背景下的德国及中德关系@9jin rong wei ji bei jing xia de de guo ji zhong de guan xi@dGermany and the Sino-German relations in the context of the financial crisis@f刘立群主编@zeng |
| 210 | @a北京@c社会科学文献出版社@d2011.02 | |
| 215 | @a16,349页@d23cm | |
| 225 | 2 | @a国际政治论坛 |
| 330 | @a本书主要涉及2008年以来全球性金融危机背景下德国的内政、外交、军事、经济、社会文化以及中德关系等方面的发展变化。 | |
| 461 | 0 | @12001 @a国际政治论坛 |
| 510 | 1 | @aGermany and the Sino-German relations in the context of the financial crisis@zeng |
| 606 | 0 | @a中德关系 |
| 606 | 0 | @a中德关系@x研究 |
| 606 | 0 | @a政治 |
| 607 | @a德国 | |
| 607 | @a德国@x概况 | |
| 690 | @aD751.6@v4 | |
| 690 | @aD822.351.6@v4 | |
| 701 | 0 | @a刘立群@9liu li qun@4主编 |
| 801 | 0 | @aCN@bRENTIAN@c20110223 |
| 905 | @b540149-53@dD751.6@e373@f5 | |
| 金融危机背景下的德国及中德关系=Germany and the Sino-German relations in the context of the financial crisis/刘立群主编.-北京:社会科学文献出版社,2011.02 |
| 16,349页;23cm.-(国际政治论坛) |
| ISBN 978-7-5097-2027-1:CNY49.00 |
| 本书主要涉及2008年以来全球性金融危机背景下德国的内政、外交、军事、经济、社会文化以及中德关系等方面的发展变化。 |
| ● |
| 相关链接 |
|
|
|
|
正题名:金融危机背景下的德国及中德关系
索取号:D751.6/373
 
预约/预借
| 序号 | 登录号 | 条形码 | 馆藏地/架位号 | 状态 | 备注 |
| 1 | 540149 | 205401493 | 第一样本阅览室/ [索取号:D751.6/373] | 在馆 | |
| 2 | 540150 | 205401509 | 第一借阅区/ [索取号:D751.6/373] | 在馆 | |
| 3 | 540151 | 205401518 | 第一借阅区/ [索取号:D751.6/373] | 在馆 | |
| 4 | 540152 | 205401527 | 第一借阅区/ [索取号:D751.6/373] | 在馆 | |
| 5 | 540153 | 205401536 | 密集书库-史法系/ [索取号:D751.6/373] | 在馆 |